| 000 | 00440cam a2200181ua 4500 | ||
|---|---|---|---|
| 003 | @ | ||
| 003 | OSt | ||
| 008 | 241028b |||||||| |||| 00| 0 eng d | ||
| 020 | _a0-07-451859-3 | ||
| 041 | _aeng | ||
| 082 |
_a005.133 _bRAM/PR |
||
| 100 |
_aRamkumar, . _96005 |
||
| 245 | _aProgramming with FORTRAN 77 / | ||
| 250 | _a1 / | ||
| 260 |
_aNew Delhi : _bTata Mc-Graw Hill Publishing Company , _c2000. |
||
| 300 | _a386 ; . | ||
| 942 | _cBK | ||
| 999 |
_c110 _d110 |
||